Normal view
MARC view
- Hafiz Amad-ud-Din
Entry Personal Name
001 - CONTROL NUMBER
- control field: 113233
003 - CONTROL NUMBER IDENTIFIER
- control field: NUST
005 - DATE AND TIME OF LATEST TRANSACTION
- control field: 20230622124044.0
008 - FIXED-LENGTH DATA ELEMENTS
- fixed length control field: 230622|| aca||aabn | a|a d
040 ## - CATALOGING SOURCE
- Original cataloging agency: NUST
- Transcribing agency: NUST
100 ## - HEADING--PERSONAL NAME
- Personal name: Hafiz Amad-ud-Din
670 ## - SOURCE DATA FOUND
- Source citation: Work cat.: (NUST): Hafiz Amad-ud-Din , Qainat Kaisay Wajood Main Aai, 2004.
